A Concise Introduction to Logic
Na minha lista:
| Autor principal: | |
|---|---|
| Formato: | Livro |
| Idioma: | inglês |
| Publicado em: |
Belmont :
Thomson,
2006
|
| Edição: | 9. vyd. |
| Assuntos: | |
| Tags: |
Sem tags, seja o primeiro a adicionar uma tag!
|
MARC
| LEADER | 00000nam a22000003a 4500 | ||
|---|---|---|---|
| 001 | stu150513 | ||
| 005 | 20150617225942.6 | ||
| 008 | 071122s2006----xxu-----------------eng-d | ||
| 020 | |a 0-495-00697-1 | ||
| 040 | |a STU |b slo | ||
| 041 | 0 | |a eng | |
| 044 | |a xxu | ||
| 100 | 1 | |a Hurley, Patrick J. |4 aut | |
| 245 | 1 | |a A Concise Introduction to Logic | |
| 250 | |a 9. vyd. | ||
| 260 | |a Belmont : |b Thomson, |c 2006 | ||
| 300 | |a 656 s | ||
| 650 | 7 | |a logika |2 stusub | |
| 650 | 7 | |a predikátová logika |2 stusub | |
| 650 | 7 | |a výroková logika |2 stusub | |
| 996 | |b I5865 |c I*5865 |l II680 |s A |a 24 |w stu150513_0001 | ||